000 01120cam a22002535a 4500
001 L146788
008 090226s2006 xxkdo f s 000 0 eng d
020 _a9781405139625
035 _a(Sirsi) u146788
041 0 _aeng
050 0 4 _a696.1 $2 18
100 1 _aTreloar, R. D.
245 0 0 _aPlumbing
250 _a3rd ed.
260 _aOxford
_bBlackwell Publishing
_c2006
300 _axvi, 448p.
_bill.
_c25cm.
505 2 _aKey principles, safety and common plumbing processes --Hot and cold water supplies -- Central heating -- Gas supplies -- Oil supplies -- Electrical work -- Sanitation -- Drainage -- Sheet weathering -- Assessing your knowledge
520 _aDetailed text book covers plumbing, heating and gas installation and would be well suited for those on plumbing courses, or practitioners. Subjects are handled in concise sections with instructions, illustrations and photographs where appropriate. Also includes self-assessment and problem solving sections.
521 _aAdvanced
590 _aKA
651 4 _aEngland and Wales
_y1543-
690 _aBlock management
_96220
942 _n0
999 _c109292
_d109292